| 000 | 00000nam##2200000za#4500 |
| 001 | 9.675683 |
| 003 | CaOODSP |
| 005 | 20241203113636 |
| 007 | cr ||||||||||| |
| 008 | 150407|2006||||xxc|||||o f|0| 0 eng|d |
| 040 | |aCaOODSP|beng |
| 041 | |aeng |
| 041 | |afre |
| 043 | |an-cn--- |
| 086 | 1 |aEn154-42/2006-PDF |
| 110 | 1 |aCanada. |bEnvironment Canada. |
| 245 | 10|aTetrachloroethylene (PERC) in dry cleaning at a glance |h[electronic resource] |
| 260 | |aSainte-Foy - Quebec : |bEnvironment Canada |cc2007. |
| 300 | |a1p.|bcoloured illus. |
| 500 | |aThe catalogue number (En154-42/2006) and ISBN (0-662-49480-6) for the bilingual print edition have been incorrectly copied in this electronic publication. |
| 590 | |a12-31-Supp|b2012-07-06 |
| 690 | 07|aPollutants|2gcpds |
| 792 | |tAide-mémoire sur le tétrachloroéthylène (PERC) pour le nettoyage à sec |efre|w(CaOODSP)9.675684 |
| 856 | 40|ahttp://publications.gc.ca|qPDF|s448 KB|uhttps://publications.gc.ca/collections/collection_2012/ec/En154-42-2006.pdf |